Rapa Nui (Record no. 44350)

MARC details
000 -Etiqueta do registo
Valores 00494nam a2200181 4500
100 ## - Dados gerais de processamento
Dados gerais 20250325 pory50
101 ## - Língua de publicação
Língua por
-- ing
102 ## - País de publicação
País PT
200 ## - Titulo e menção de responsabilidade
Título próprio Rapa Nui
Informação de outro título a verdadeira história da Ilha da Páscoa
Primeira menção de responsabilidade National Geographic
210 ## - Publicação
Local de publicação [S.l.]
Nome do editor National Geographic
-- dist. Zon audiovisuaias
Data de publicação [d.reg. 2012]
215 ## - Descrição física 
Paginação / Volumes 1 DVD
225 ## - Colecção 
Título próprio da colecção National Geographic
300 ## - Notas gerais 
Texto da nota 51 min<br/>M/6
675 ## - CDU
Notação 94(3)
801 ## - Fonte de origem
País PT
Regras de catalogação RPC
990 ## - Elementos KOHA
Tipo de documento Filme DVD
Holdings
Aquisição Empréstimo Código de barras Cota Permissão de empréstimo Tipo de documento Nota relativa ao exemplar
Biblioteca Escolar Doutor Hernâni Cidade Biblioteca Escolar Doutor Hernâni Cidade 80842 DOC NAT GEOG   Filme DVD 416 documentário da National Geographic sobre a Olha da Páscoa

Powered by Koha